000 00296nam a22001337a 4500
020 _a9788181288189
082 _a664.002 BEL/FO
100 _aBelitz H D
_aGrosch W
_aSchieberle P
245 _aFood Chemistry
250 _a3rd rev ed
260 _bSpringer
_c2007
300 _a1070
942 _cBK
999 _c13812
_d13812